Lecturas de Historia de centroamerica /

Spremljeno u:
Bibliografski detalji
Glavni autor: Caceres, Luis Rene
Autori kompanije: Banco Centroamericano de Integración Económica, BCIE
Daljnji autori: ed.
Format: Tekst
Izdano: San José: BCIE
Oznake: Dodaj oznaku
Bez oznaka, Budi prvi tko označuje ovaj zapis!

MARC

LEADER 00000 a a2200000 04500
001 25745
003
040 |a CRAI/IIS  |c CRAI/IIS 
090 |a 173600  
100 |a Caceres, Luis Rene  
110 |a Banco Centroamericano de Integración Económica  
245 |a Lecturas de Historia de centroamerica /  |c Banco Centroamericano de Integración Económica  
260 |a San José:   |b BCIE  
300 |a 591 p  
700 |a ed.  
710 |a BCIE  
999 |c 16038  |d 16038